000 00361nam a22001577a 4500
005 20251108172621.0
008 250721s9999 xx 000 0 eng d
082 1 4 _aFMEL
100 1 _aMellville, Jame
245 1 0 _aDeath of adaimyo /
264 1 _aLondon :
_bSecker,
300 _a145 p
650 1 7 _aEnglish Fiction
942 _2ddc
_cBK
999 _c84145
_d84145